[Event "FRA-chT3 Gr14 0607"]
[Site "France"]
[Date "2007.03.31"]
[Round "8.2"]
[White "Bodlenner, Herve"]
[Black "Randrianary, Nirina"]
[Result "1/2-1/2"]
[WhiteElo "1937"]
[BlackElo "2132"]
[PlyCount "156"]
[EventDate "2006.10.15"]
[EventType "team"]
[EventRounds "9"]
[EventCountry "FRA"]
[SourceTitle "EXT 2008"]
[Source "ChessBase"]
[SourceDate "2007.11.25"]
[SourceVersion "1"]
[SourceVersionDate "2007.11.25"]
[SourceQuality "1"]

1. e4 c5 2. Nc3 Nc6 3. f4 d6 4. Nf3 Nf6 5. Bb5 e6 6. Bxc6+ bxc6 7. 0-0 Be7 8. d3 0-0 9. e5 Nd7 10. Qe1 d5 11. Kh1 a5 12. Na4 f5 13. c4 Nb6 14. Nxb6 Qxb6 15. Rb1 a4 16. Be3 Qa6 17. Qc1 Rd8 18. Qc2 Rb8 19. Rfd1 Rb7 20. Nd2 Rbd7 21. b3 Qa5 22. h3 h6 23. Nf3 axb3 24. axb3 Ra7 25. Kh2 Bd7 26. b4 cxb4 27. Bxa7 Qxa7 28. d4 dxc4 29. Qxc4 Qb6 30. Nd2 c5 31. dxc5 Qxc5 32. Qxc5 Bxc5 33. Nc4 Kf8 34. Nd6 Ba4 35. Rdc1 Bxd6 36. exd6 Rxd6 37. Rxb4 Ra6 38. Ra1 Bb5 39. Rxa6 Bxa6 40. Rb6 Bc4 41. Rc6 Bd5 42. Rc7 Kg8 43. Kg3 Kh7 44. Rc2 Kg6 45. Kf2 Kf6 46. Ke3 g5 47. g3 h5 48. h4 gxf4+ 49. gxf4 e5 50. Rc8 e4 51. Kd4 Bb3 52. Rc6+ Kf7 53. Ke5 Bd1 54. Kxf5 e3 55. Rc3 Bg4+ 56. Kg5 e2 57. Re3 Bf3 58. f5 Bg4 59. f6 Kf8 60. Kg6 Bf3 61. f7 Be4+ 62. Kxh5 Bd3 63. Kg5 Kxf7 64. h5 Kf8 65. Kf6 Kg8 66. Re7 Bc4 67. h6 Bd3 68. h7+ Kh8 69. Kg5 Bxh7 70. Rxe2 Kg7 71. Re7+ Kg8 72. Kf6 Bd3 73. Rg7+ Kh8 74. Kf7 Bc4+ 75. Kf8 Bd3 76. Rg3 Bf5 77. Rg5 Bd3 78. Rh5+ Bh7 1/2-1/2

[Event "FRA-chT3 Gr14 0607"]
[Site "France"]
[Date "2007.01.21"]
[Round "5.3"]
[White "Pozuelo, Jose"]
[Black "Bodlenner, Herve"]
[Result "1/2-1/2"]
[WhiteElo "2090"]
[BlackElo "1937"]
[PlyCount "85"]
[EventDate "2006.10.15"]
[EventType "team"]
[EventRounds "9"]
[EventCountry "FRA"]
[SourceTitle "EXT 2008"]
[Source "ChessBase"]
[SourceDate "2007.11.25"]
[SourceVersion "1"]
[SourceVersionDate "2007.11.25"]
[SourceQuality "1"]

1. e4 c5 2. Nc3 Nc6 3. g3 g6 4. Bg2 Bg7 5. d3 d6 6. f4 e6 7. Nf3 Nge7 8. 0-0 0-0 9. Be3 b6 10. Qd2 Ba6 11. Rab1 d5 12. Ne2 dxe4 13. Ne1 exd3 14. Nxd3 Qc7 15. Rfd1 Rad8 16. Qe1 Nf5 17. Bf2 Nfd4 18. Nxd4 Nxd4 19. c3 Nc6 20. Qe3 Rd7 21. Rd2 Rfd8 22. Rbd1 Bb7 23. g4 Na5 24. Ne5 Rxd2 25. Rxd2 Rxd2 26. Qxd2 Bxg2 27. Kxg2 Qb7+ 28. Kg1 Qd5 29. Qe2 f6 30. Nf3 Nc4 31. b3 Nd6 32. c4 Qe4 33. Qd1 Qc6 34. Bg3 Ne4 35. Qd8+ Kf7 36. Qd3 Nxg3 37. hxg3 Ke7 38. Kf2 Qd6 39. Qe4 Kf7 40. Qb7+ Qe7 41. Qb8 Qd7 42. Qa8 Qe7 43. Qb8 1/2-1/2